The EU and conflict resolution : Promoting peace in the backyard, by N. Tocci : book review /

Đã lưu trong:
书目详细资料
主要作者: Lynch, Dov.
格式: Bài viết
语言:English
主题:
标签: 添加标签
没有标签, 成为第一个标记此记录!
Thư viện lưu trữ: Thư viện Trường Đại học Đà Lạt
LEADER 00805nam a2200265 4500
001 DLU090070202
005 ##20090526
040 # # |a DLU  |b eng 
041 # # |a eng 
044 # # |a UK 
100 # # |a Lynch, Dov.  
245 # # |a The EU and conflict resolution : Promoting peace in the backyard, by N. Tocci :  |b book review /  |c Dov Lynch. 
653 # # |a Conflict prevention 
653 # # |a Crisis management 
653 # # |a EU foreign policy 
773 # # |t Journal of Common Market Studies  |g Vol. 46, no. 3 (June 2008), p. 730-731 
920 # # |a Phòng Tạp chí -- Trung tâm Thông tin - Thư viện Trường Đại học Đà Lạt 
994 # # |a DLU 
900 # # |a True 
911 # # |a Trương Bảo Trâm Anh 
925 # # |a G 
926 # # |a A 
927 # # |a BB 
980 # # |a Thư viện Trường Đại học Đà Lạt